Регионална библиотека "Любен Каравелов" - Русе

Читанка (Запис номер 429326)

MARC детайли
000 -Лидер
Контролно поле с фиксирана дължина 01018nam a2200265 a 4500
003 - Код на организацията, давaща контролен номер
Контролно поле BLK
005 - Дата и час на последна редакция
Контролно поле 20231218130207.0
008 - Елементи от данни с фиксирана дължина
fixed length control field 210402b bu |||||r|||| 00| | bu d
040 ## - Източник на каталожния запис
Идентификатор на билиотеката - собственик на записа BLK
041 ## - Код за език
Код за езика на текст/звукозапис или на отделно заглавие Български
Код за езика КДБФ Български
080 ## - УДК
Текстов определител УДК Българска литература
УДК код - определител по УДК 821.163.2
УДК определител -8
УДК - код + определител 821.163.2-8
100 ## - Редна дума - Автор
R(LIN) 415639
Автор Станева, Надежда
Авторска отговорност първи автор
139 ## - Редно поле
Редна дума Станева, Надежда Н. и др.
245 ## - Сведения за заглавието
Заглавие Читанка
Подзаглавни данни За IIІ кл. на помощните у-ща
Редно поле (дума) Надежда Н. Станева, Леда Милева, Венета Цонева
257 ## - Страна на издаване
Страна на създаване/издаване България
260 ## - Област на издателските данни
Година на издаване 1954
9 (RLIN) 212233
Място на издаване, разпространение и проч. София
Име на издателя, разпространителя и проч. Нар. просв.
300 ## - Физическа характеристика
Страници 112 с.
Илюстрации и др. с ил.
Размери/Мащаб 23 см
380 ## - Жанр
Жанр Худож. лит.
700 1# - Други автори (авторска отговорност)
Лично име Милева, Леда Гео
Автороска отговорност (Описва отношението между автора и произведението) съавт.
9 (RLIN) 95664
700 1# - Други автори (авторска отговорност)
Лично име Цонева, Венета
Автороска отговорност (Описва отношението между автора и произведението) съавт.
9 (RLIN) 462899
852 ## - Местоположение
Форматна сигнатура Цб 8.235.51296
Фондова буква Основен фонд - ползва се само за читалня
999 ## - СИСТЕМНИ КОНТРОЛНИ НОМЕРА
Koha biblionumber 429326
Koha biblioitemnumber 429326
942 ## - АРТИКУЛИ
Вид на библиотечния материал Книги
Скрит в OPAC Не
Периодичен библиозапис Да
944 ## - СЪЗДАВАНЕ И РЕДАКЦИЯ на ЗАПИСА
Създаване/Редакция Създаване
Дата на регистрацията/редакция 2021-08-20
Служител, извършил регистрацията/редакцията 30560
Статус, дата на статуса Геновева Генчева
999 ## - СИСТЕМНИ КОНТРОЛНИ НОМЕРА
Koha biblioitemnumber 405164
Наличности
Код за отписване Код за изгубен артикул Източник на класификационната схема Код за повреда Коз за рестрикции Код за отдаване Артикулен № Име на библиотеката - собственик Име на библиотеката, в която се намира в момента Статус (Текущо местоположение) Дата на вписване в системата Местоположение - отдел Цена в лева Инвентарен номер Систематично азбучна сигнатура Баркод Цена в евро Служебен тип на артикула
  Не е изгубен Universal Decimal Classification Не е повреден само за читалня ползва се в читалня 849669 Регионална библиотека "Любен Каравелов" Русе Регионална библиотека "Любен Каравелов" Русе Хранилище 2021-08-20 Основен фонд - ползва се само за читалня 1.52 4104/54 Цб 8.235.51296 900000075424 0.78 Книги
Vip Innovations Ltd, Rousse, Bulgaria 2025